[Event "Pia Cramling Ladies Open 2018"]
[Site "Stockholm"]
[Date "2018.09.01"]
[Round "1"]
[White "Tolstoy, Anastasia"]
[Black "Bengtsson, Jessica"]
[Result "0-1"]
[WhiteElo "1228"]
[BlackElo "1986"]
[Annotator "NA RC"]
[PlyCount "134"]
[EventDate "2018.09.01"]
[EventType "swiss"]
[EventCountry "SWE"]
[SourceTitle "playchess.com"]
[Source "ChessBase"]
[SourceQuality "1"]
[TimeControl "1800+10"]

1. e4 {[%emt 0:00:00]} c5 {[%emt 0:00:00]} 2. Nf3 {[%emt 0:00:07]} Nc6 {[%emt 0:00:04]} 3. b3 {[%emt 0:00:33]} e5 {[%emt 0:00:23]} 4. Bb2 {[%emt 0:00:09]} d6 {[%emt 0:00:04]} 5. d3 {[%emt 0:01:35] B50: Sicilian: 2...d6, Miscellaneous} (5. Bc4 g6 6. Nc3 Bg7 7. Nd5 Nge7 8. Qe2 a6 9. a4 O-O 10. O-O Nxd5 11. Bxd5 Nb4 12. Ne1 Nxd5 13. exd5 Re8 {0-1 (63) Kilic,E (2317)-Alekseenko,K (2627) Ankara 2018}) 5... Nf6 {[%emt 0:00:16]} 6. Nbd2 {[%emt 0:00:19]} Be7 {[%emt 0:00:15]} 7. a4 $146 {[%emt 0:00:41]} ({Predecessor:} 7. g3 O-O 8. Bg2 h6 9. O-O Be6 10. Ne1 Qd7 11. f4 Bh3 12. f5 Bxg2 13. Nxg2 {½-½ (42) Papp Zoltan,C (2350)-Lipinsky,F (2395) Szeged 1998}) 7... O-O {[%emt 0:00:15]} 8. Nc4 {[%emt 0:00:34]} Bg4 {[%emt 0:00:37]} 9. Be2 {[%emt 0:00:12]} h6 {[%emt 0:01:12]} 10. h3 {[%emt 0:02:07]} Be6 {[%emt 0:00:13]} 11. Qd2 {[%emt 0:01:36]} a6 {[%emt 0:02:26]} 12. g4 {[%emt 0:00:42]} Nh7 {[%emt 0:01:35]} 13. Ne3 {[%emt 0:02:04]} Ng5 {[%emt 0:02:03]} 14. Ng2 {[%emt 0:00:58]} Nxf3+ {[%emt 0:00:59]} 15. Bxf3 {[%emt 0:00:02]} Nd4 {[%emt 0:00:42]} 16. Bxd4 {[%emt 0:00:28]} cxd4 {[%emt 0:00:09]} 17. Rc1 $2 {[%emt 0:01:59]} (17. O-O $17 {was necessary.}) 17... Bg5 {[%emt 0:00:24]} 18. Qd1 {[%emt 0:00:15]} Qa5+ {[%emt 0:01:11]} 19. Ke2 {[%emt 0:00:44]} Bxc1 {[%emt 0:00:21]} 20. Qxc1 {[%emt 0:00:02]} Rac8 {[%emt 0:01:10]} 21. Qd2 {[%emt 0:01:08]} Qc3 {[%emt 0:01:27]} 22. Qxc3 {[%emt 0:00:34]} Rxc3 {[%emt 0:00:05]} 23. Kd2 {[%emt 0:00:08]} Rfc8 {[%emt 0:00:04]} 24. Ne1 {[%emt 0:00:08]} R8c5 {[%emt 0:00:24]} 25. h4 {[%emt 0:00:21]} a5 {[%emt 0:00:51]} 26. g5 {[%emt 0:00:10]} hxg5 {[%emt 0:00:06]} 27. hxg5 {[%emt 0:00:05]} g6 {[%emt 0:00:09]} 28. Bd1 {[%emt 0:00:53]} d5 {[%emt 0:00:30]} 29. exd5 {[%emt 0:01:01]} Bxd5 {[%emt 0:00:08]} 30. Rh3 {[%emt 0:00:20]} Kf8 {[%emt 0:01:44]} 31. Nf3 {[%emt 0:00:31]} Be6 {[%emt 0:02:57]} 32. Rh8+ {[%emt 0:00:42]} Ke7 {[%emt 0:00:03]} 33. Ng1 {[%emt 0:00:24]} Rc8 {[%emt 0:00:32]} 34. Rh7 {[%emt 0:00:18]} Bd5 {[%emt 0:00:22]} 35. Ne2 {[%emt 0:00:20]} R3c7 {[%emt 0:00:10]} 36. Ng3 {[%emt 0:00:28]} Kd6 {[%emt 0:00:28]} 37. Rh4 {[%emt 0:03:08]} Re8 {[%emt 0:02:29]} 38. Ne4+ {[%emt 0:02:04]} Bxe4 {[%emt 0:00:57]} 39. Rxe4 {[%emt 0:00:02]} Rh8 {[%emt 0:00:34]} 40. Bf3 {[%emt 0:01:19]} Rh2 {[%emt 0:00:15]} 41. Re2 {[%emt 0:00:12]} Rh3 {[%emt 0:00:31]} 42. Bg4 {[%emt 0:01:09]} Rh4 {[%emt 0:00:05]} 43. Bf3 {[%emt 0:00:16]} Rf4 {[%emt 0:00:05]} 44. Be4 {[%emt 0:01:02]} Rg4 {[%emt 0:00:04]} 45. Bf3 {[%emt 0:01:18]} Rxg5 {[%emt 0:00:04]} 46. Re1 {[%emt 0:00:12]} Rf5 {[%emt 0:00:04]} 47. Bd1 {[%emt 0:00:20]} Rxf2+ {[%emt 0:00:05]} 48. Re2 {[%emt 0:00:07]} Rxe2+ {[%emt 0:00:03]} 49. Kxe2 {[%emt 0:00:04]} f5 {[%emt 0:00:02]} 50. Kd2 {[%emt 0:00:15]} e4 {[%emt 0:00:03]} 51. dxe4 {[%emt 0:00:09]} fxe4 {[%emt 0:00:01]} 52. Be2 {[%emt 0:00:18]} Ke5 {[%emt 0:00:03]} 53. Bc4 {[%emt 0:00:13]} g5 {[%emt 0:00:06]} 54. Ke2 {[%emt 0:00:08]} Rh7 {[%emt 0:00:07]} 55. Kf2 {[%emt 0:00:32]} Kf4 {[%emt 0:00:02]} 56. Bd5 {[%emt 0:00:11]} b6 {[%emt 0:00:06]} 57. Kg2 {[%emt 0:00:20]} Ke3 {[%emt 0:00:05]} 58. Kf1 {[%emt 0:00:15]} Rh2 {[%emt 0:00:03]} 59. Bc4 {[%emt 0:00:12]} d3 {[%emt 0:00:08]} 60. cxd3 {[%emt 0:00:14]} exd3 {[%emt 0:00:03]} 61. Bxd3 {[%emt 0:00:08]} Kxd3 {[%emt 0:00:04]} 62. b4 {[%emt 0:00:10]} axb4 {[%emt 0:00:03]} 63. a5 {[%emt 0:00:01]} bxa5 {[%emt 0:00:01]} 64. Kg1 {[%emt 0:00:03]} Re2 {[%emt 0:00:02]} 65. Kf1 {[%emt 0:00:01]} b3 {[%emt 0:00:01]} 66. Kg1 {[%emt 0:00:01]} b2 {[%emt 0:00:02]} 67. Kf1 {[%emt 0:00:01]} b1=Q# 0-1

[Event "Pia Cramling Ladies Open 2018"]
[Site "Stockholm"]
[Date "2018.09.01"]
[Round "2"]
[White "Reizniece-Ozola, Dana"]
[Black "Tran, Alva Ling"]
[Result "1-0"]
[WhiteElo "2304"]
[BlackElo "1519"]
[Annotator "TA"]
[PlyCount "67"]
[EventDate "2018.09.01"]
[EventType "swiss"]
[EventCountry "SWE"]
[SourceTitle "playchess.com"]
[Source "ChessBase"]
[SourceQuality "1"]

{[%evp 13,67,7,36,0,16,-37,-18,-28,62,63,107,93,241,254,323,325,342,351,338,334,298,243,236,236,253,252,242,177,407,396,683,659,1348,1295,1178,528,517,472,458,455,439,445,459,453,516,510,511,507,601,584,623,622,757,760,893,878]} 1. c4 e5 2. Nc3 Nf6 3. g3 d5 4. cxd5 Nxd5 5. Bg2 Nb6 6. e3 Nc6 {A22: English Opening: 1...e5 2 Nc3 Nf6} 7. Nge2 Be6 {LiveBook: 4 Games} (7... h5 8. d4 h4 9. d5 Ne7 10. e4 hxg3 11. hxg3 Rxh1+ 12. Bxh1 Ng8 13. Be3 Nf6 14. Qc2 {0-1 (57) Ponkratov,P (2613)-Karjakin,S (2760) Riadh 2017}) 8. f4 f6 $1 {The position is equal.} 9. fxe5 ({White should try} 9. d4 $11) 9... fxe5 $15 10. d4 exd4 (10... Qf6 $11) 11. Nxd4 $14 Nxd4 12. exd4 {0-0 is the strong threat.} c6 $146 {[#]} (12... Qe7 $16) ({Predecessor:} 12... Qe7 13. O-O O-O-O 14. Re1 {½-½ (79) Palin,D (2116)-Ibadov,D (1899) Saratov 2014}) 13. O-O $1 $18 Qd7 {intending ...0-0-0.} 14. Bg5 Be7 15. Bxe7 Qxe7 16. Qh5+ g6 17. Qe5 O-O-O 18. Rfe1 {Threatens to win with Bh3.} Rhe8 {[#]} 19. Bh3 $1 {[%cal Rh3e6][%mdl 512]} Rd6 (19... Bxh3 20. Qxe7) 20. Re2 Nc4 $2 (20... Nd7 21. Qe3 Nf6) 21. Qc5 $1 {[%csl LRa7,LRc4]} b6 $2 (21... Kb8 22. Rae1 Qd7 23. Bxe6 Rdxe6 24. Qxc4 Rxe2 25. Rxe2 Rxe2) 22. Qxc4 {White is clearly winning.} Qd7 23. Rxe6 Rdxe6 24. Bxe6 (24. d5 $142 Re1+ 25. Kg2 Qxh3+ 26. Kxh3) 24... Qxe6 25. Qxe6+ Rxe6 {[%mdl 4096] Endgame KRN-KR} 26. Kf2 Kd7 27. Re1 Rd6 28. Ke3 Re6+ 29. Ne4 a6 30. Rf1 Ke7 31. Kd3 h6 32. b4 Ke8 33. a4 Re7 34. Rf6 {Precision: White = 69%, Black = 18%.} 1-0

[Event "Pia Cramling Ladies Open 2018"]
[Site "Stockholm"]
[Date "2018.09.01"]
[Round "2"]
[White "Agrest, Inna"]
[Black "Olsson, Linn"]
[Result "1-0"]
[WhiteElo "2283"]
[BlackElo "1703"]
[Annotator "TA"]
[PlyCount "71"]
[EventDate "2018.09.01"]
[EventType "swiss"]
[EventCountry "SWE"]
[SourceTitle "playchess.com"]
[Source "ChessBase"]
[SourceQuality "1"]

{[%evp 9,71,54,56,47,47,49,45,56,52,42,87,48,77,32,33,35,41,50,62,41,41,47,93,54,88,21,43,15,15,6,48,14,57,58,65,29,11,30,43,58,89,80,81,77,151,129,131,38,67,0,0,0,531,540,29994,29995,29995,190,165,168,174,183,715,710]} 1. e4 e5 2. Nf3 Nc6 3. Bb5 d6 4. c3 Nf6 5. d4 exd4 (5... Bd7 6. O-O Be7 7. Re1 O-O 8. d5 Nb8 9. Bd3 c6 10. c4 Na6 11. Nc3 Nc5 12. Bf1 Bg4 13. b4 Ncd7 14. h3 Bh5 15. dxc6 bxc6 16. Rb1 {1-0 (61) Kuzubov,Y (2635)-Mikhaletz,L (2405) Lutsk 2016}) 6. cxd4 {C44: Schottische Partie} d5 $146 ({Vorgänger:} 6... Bd7 7. Nc3 Be7 8. e5 dxe5 9. dxe5 Ng4 10. Qe2 O-O 11. h3 Ngxe5 12. Nxe5 Nd4 13. Qc4 {1-0 (49) Sanchez,S (2409)-Gomez Barrero,S (2047) Ortega 2015}) 7. e5 Ne4 8. O-O {Weiß steht etwas besser.} Be7 9. Nc3 Bg4 10. h3 Bh5 11. Re1 Nxc3 12. bxc3 O-O 13. Bd3 a6 14. a4 Na5 15. Rb1 c5 16. dxc5 Bxc5 17. Be3 ({Lieber} 17. Bf5 $16) 17... Rc8 18. Bd4 Bxd4 19. cxd4 Rc3 20. Re3 {[%cal Be1e3,Be3d3,Bd3c3,Bc3c7][%mdl 32]} Rxd3 21. Rxd3 Bg6 22. Rc3 {Schwarz muss nun Tb2 beachten.} Bxb1 23. Qxb1 b6 24. Nd2 Re8 25. Qd3 Qa8 26. Rc7 Rc8 (26... Qd8 $142 27. Rc3 Qa8) 27. Rd7 $1 $16 Qc6 28. Qf5 $40 {[%mdl 128] Weiss hat einigen Angriff.} (28. Rd6 $1 $16 {[%cal Rd6c6]} Qc1+ 29. Nf1) 28... Rf8 29. Re7 (29. Rd6 $1 $14 Qc1+ 30. Nf1) 29... Qc1+ $11 ({Aber nicht} 29... Qxa4 $2 30. e6 $18) 30. Nf1 {e6 ist eine echte Drohung.} Nc4 $2 {[%mdl 8192]} (30... Nc6 $11 31. Rc7 Nxd4 32. Rxc1 Nxf5) 31. e6 $18 {[%cal Re6f7]} fxe6 32. Qxe6+ Kh8 {[#]} 33. Re8 $2 (33. Qf7 $1 {[%mdl 512] setzt Matt} Qxf1+ (33... Rxf7 34. Re8+) 34. Kxf1 Rg8 35. Re8 Nd2+ 36. Ke2 Rxe8+ 37. Qxe8#) 33... Qf4 34. Rxf8+ Qxf8 35. Qxd5 Nb2 $2 (35... Qc8 36. Ng3 Nb2) 36. Qb3 $1 {[%csl LRb2,LRb6] Precision: Weiß = 44%, Schwarz = 40%.} 1-0

[Event "Pia Cramling Ladies Open 2018"]
[Site "Stockholm"]
[Date "2018.09.01"]
[Round "2"]
[White "Bengtsson, Siv"]
[Black "Hellmer, Helena"]
[Result "1-0"]
[WhiteElo "2111"]
[BlackElo "1436"]
[Annotator "TA"]
[PlyCount "61"]
[EventDate "2018.09.01"]
[EventType "swiss"]
[EventCountry "SWE"]
[SourceTitle "playchess.com"]
[Source "ChessBase"]
[SourceQuality "1"]

{[%evp 9,61,33,47,16,22,11,10,0,5,-62,45,22,300,282,686,691,1004,970,1004,947,1005,993,986,983,1116,1102,1160,975,1001,1000,979,985,1112,1109,1354,1313,5623,5531,5399,5197,5913,5821,3115,3025,5439,5435,29992,29990,29990,29991,29991,29992,29992,29993]} 1. e4 c5 2. Nf3 d6 3. d4 Nd7 4. Nc3 Ngf6 5. Bg5 Qa5 $146 ({Predecessor:} 5... cxd4 6. Qxd4 a6 7. O-O-O e5 8. Qa4 Rb8 9. Nd5 b5 10. Qb3 Be7 11. Bxf6 Bxf6 12. Qe3 {½-½ (60) Ajrapetjan,Y (2384)-Akshayraj,K (2380) Alushta 2006}) 6. Bxf6 {B53: Sicilian: 2...d6: Lines with Qxd4} (6. Qd2 {is more complex.} a6 7. Be2 cxd4 8. Nxd4 e6 9. a4) 6... Nxf6 7. Qd2 {Black must now prevent e5.} a6 8. O-O-O {The position is equal.} b5 9. Kb1 (9. dxc5 $11 b4 10. Nd5 Qxc5 11. Qd4 Nxd5 12. exd5 (12. Qxd5 Qxd5 13. exd5 Bb7 $11)) 9... g6 ({Much worse is} 9... b4 $6 10. Nd5 $14) ({Black should try} 9... cxd4 $15 10. Qxd4 e5) 10. e5 Ng4 $2 {[%mdl 8192] [#]} (10... b4 $11 {and Black has nothing to worry.} 11. exf6 bxc3 12. Qxc3 Qxc3 13. bxc3 cxd4) 11. exd6 e6 $2 (11... c4 12. Qf4 b4) 12. dxc5 $18 Bh6 13. d7+ Bxd7 14. Qxd7+ Kf8 15. Qd4 Bg7 16. Qxg4 Bxc3 17. bxc3 Qxc3 18. Qd4 Qxd4 19. Rxd4 Kg7 20. Ne5 Rac8 21. c6 h5 22. Be2 f6 23. Rd7+ Kg8 24. Nxg6 Rh7 25. Ne7+ Rxe7 26. Rxe7 Rxc6 27. Rd1 {[%cal Rd1d8] [#]} Kf8 28. Rh7 {[%cal Rd1d8] White mates.} Kg8 29. Rb7 {[%cal Rd1d8]} Rc8 30. Bxh5 Rf8 31. Rdd7 {Precision: White = 44%, Black = 16%.} 1-0

[Event "Pia Cramling Ladies Open 2018"]
[Site "Stockholm"]
[Date "2018.09.01"]
[Round "2"]
[White "Johansson, Viktoria"]
[Black "Lindberg, Cajsa"]
[Result "1-0"]
[WhiteElo "2106"]
[BlackElo "1625"]
[Annotator "TA"]
[PlyCount "49"]
[EventDate "2018.09.01"]
[EventType "swiss"]
[EventCountry "SWE"]
[SourceTitle "playchess.com"]
[Source "ChessBase"]
[SourceQuality "1"]

{[%evp 11,49,25,39,33,46,26,70,52,47,46,242,237,295,262,356,349,357,350,361,353,351,365,379,376,383,372,383,387,485,447,643,627,932,925,1089,1122,1256,652,5557,4990]} 1. d4 d5 2. c4 c6 3. Nf3 Nf6 4. Nc3 a6 5. c5 b6 (5... Bf5 6. Qb3 Ra7 7. Nh4 Bg6 8. Bg5 Nbd7 9. Nxg6 hxg6 10. e4 dxe4 11. g3 e6 12. Bg2 Be7 13. O-O O-O 14. h4 {½-½ (44) Wei,Y (2734)-Zhou,J (2615) Hangzhou 2018}) 6. cxb6 {D15: Damengambit (Slawische Verteidigung)} Qxb6 {LiveBook: 8 Partien} 7. g3 e6 8. Bg2 {Weiß steht etwas besser.} c5 9. O-O cxd4 $146 ({Vorgänger:} 9... Bd7 10. Na4 Bxa4 11. Qxa4+ Qb5 12. Qxb5+ axb5 13. dxc5 Bxc5 {1-0 (57) Valkovic,T (1948)-Jambrich,J (1611) Bratislava 2013}) 10. Nxd4 Qd8 $2 {[#]} (10... Nbd7 $1 $14) 11. e4 $18 e5 12. exd5 exd4 13. Re1+ ({Nicht} 13. Qxd4 Bd6 $11) 13... Be7 14. Qxd4 O-O 15. d6 $1 Bxd6 {Schwarz hofft, mit ...Sc6 fortzusetzen.} 16. Bxa8 Qc7 17. Ne4 Nxe4 18. Bxe4 ({Keinesfalls} 18. Qxe4 Nd7 $18) 18... Nc6 19. Qc4 Bb7 20. Bd2 {Weiß steht klar auf Gewinn.} Qd7 (20... Qb6 $142 21. Be3 Qb5 22. Qxb5 axb5) 21. Bc3 Rc8 22. Qd3 h6 23. Rad1 Rd8 24. Qf3 Qc7 25. Qf5 {Precision: Weiß = 85%, Schwarz = 29%.} 1-0

[Event "Pia Cramling Ladies Open 2018"]
[Site "Stockholm"]
[Date "2018.09.01"]
[Round "2"]
[White "Cramling Bellon, Anna"]
[Black "Andersson, Christin"]
[Result "1-0"]
[WhiteElo "2009"]
[BlackElo "2077"]
[Annotator "NA"]
[PlyCount "107"]
[EventDate "2018.09.01"]
[EventType "swiss"]
[EventCountry "SWE"]
[SourceTitle "playchess.com"]
[Source "ChessBase"]
[SourceQuality "1"]
[TimeControl "1800+10"]

1. d4 {[%emt 0:00:00]} d5 {[%emt 0:00:00]} 2. c4 {[%emt 0:00:00]} c6 {[%emt 0:00:00]} 3. Nc3 {[%emt 0:00:43]} Nf6 {[%emt 0:00:03]} 4. Nf3 {[%emt 0:00:08]} g6 {[%emt 0:00:13]} 5. Bf4 {[%emt 0:00:44]} Bg7 {[%emt 0:00:14]} 6. e3 {[%emt 0:00:25] LiveBook: 410 Games} O-O {[%emt 0:00:19]} 7. Bd3 {[%emt 0:01:41]} Nbd7 {[%emt 0:00:56]} 8. cxd5 {[%emt 0:00:25]} Nxd5 {[%emt 0:00:04]} 9. Nxd5 {[%emt 0:01:17]} cxd5 {[%emt 0:00:01]} 10. O-O {[%emt 0:00:07]} Re8 {[%emt 0:00:53]} 11. Bb5 {[%emt 0:01:58] D93: Grünfeld: 4 Nf3 Bg7 5 Bf4 0-0 6 e3} (11. Qb3 e5 12. Bg5 Qa5 13. dxe5 Nxe5 14. Nxe5 Bxe5 15. Bb5 Re6 16. f4 Bf6 17. Qxd5 Rb6 18. Bxf6 Rxf6 19. Rfd1 Bg4 20. Qg5 Bxd1 21. Qxf6 Qe1+ 22. Bf1 Qxe3+ 23. Kh1 Qe1 24. Kg1 Qe3+ {½-½ (24) Reis,A (2086)-Azevedo Junior,J (1802) Belem 2016}) 11... a6 {[%emt 0:01:01]} 12. Rc1 $146 {[%emt 0:01:52]} ({Predecessor:} 12. Bxd7 Bxd7 13. b4 f6 14. Rc1 Rc8 15. Qb3 Bb5 16. Rfe1 Qd7 17. Rc5 Bc4 18. Qc2 e5 19. dxe5 Rxc5 20. bxc5 fxe5 {0-1 (35) Tunc,H (1534)-Voss,J (1823) Chemnitz 2009}) 12... e6 {[%emt 0:01:10]} ({Don't blunder} 12... axb5 $2 13. Bc7 $18) 13. Ba4 {[%emt 0:02:11]} (13. Bc7 $16 Qe7 14. Qa4) 13... b5 {[%emt 0:00:03]} 14. Bb3 {[%emt 0:00:04]} a5 {[%emt 0:01:11]} 15. a4 {[%emt 0:00:50]} Ba6 {[%emt 0:00:13]} 16. Re1 {[%emt 0:00:37]} Rc8 {[%emt 0:00:26]} 17. Rxc8 {[%emt 0:02:42]} Qxc8 {[%emt 0:00:04]} 18. Qd2 {[%emt 0:00:04]} b4 {[%emt 0:00:47]} 19. Rc1 {[%emt 0:02:25]} Bc4 {[%emt 0:00:03]} 20. Bd1 {[%emt 0:00:57]} Qa8 $1 {[%emt 0:01:35]} 21. b3 {[%emt 0:02:54]} Ba6 {[%emt 0:00:04]} 22. Be2 {[%emt 0:04:37]} Nf6 {[%emt 0:00:29]} 23. Bxa6 {[%emt 0:00:28]} Qxa6 {[%emt 0:00:01]} 24. Qc2 {[%emt 0:00:15]} Bf8 {[%emt 0:02:57]} (24... Ne4 $11 {hält das Gleichgewicht.}) 25. Ne5 {[%emt 0:03:10]} Ne4 {[%emt 0:00:58]} 26. Qc7 {[%emt 0:00:33]} Re7 {[%emt 0:00:17]} 27. Qd8 {[%emt 0:00:01]} Qd6 {[%emt 0:02:25]} 28. Qxd6 $2 {[%emt 0:00:27]} (28. Qa8 g5 {[#]} 29. Ng6 $1 {[%mdl 512]}) 28... Nxd6 {[%emt 0:00:02]} 29. Nxg6 {[%emt 0:00:12]} hxg6 {[%emt 0:00:05]} 30. Bxd6 {[%emt 0:00:02]} Ra7 {[%emt 0:00:38]} 31. Rc8 {[%emt 0:00:08]} Kg7 {[%emt 0:00:15]} 32. Bxf8+ {[%emt 0:00:02]} Kf6 {[%emt 0:00:01]} 33. Bc5 {[%emt 0:00:03]} Ra6 {[%emt 0:00:01]} 34. Kf1 {[%emt 0:00:09]} Kf5 {[%emt 0:00:01]} 35. Ke2 {[%emt 0:00:25]} f6 {[%emt 0:00:07]} 36. f3 {[%emt 0:00:15]} e5 {[%emt 0:00:04]} 37. Rd8 {[%emt 0:01:12]} Rc6 {[%emt 0:00:12]} 38. Rxd5 {[%emt 0:00:15]} Rc7 {[%emt 0:00:02]} 39. Kd3 {[%emt 0:00:21]} Rh7 {[%emt 0:00:06]} 40. h3 {[%emt 0:00:03]} Ke6 {[%emt 0:00:19]} 41. Rd6+ {[%emt 0:00:02]} Kf5 {[%emt 0:00:02]} 42. Ra6 {[%emt 0:00:31]} Rd7 {[%emt 0:00:21]} 43. Rxa5 {[%emt 0:00:05]} Kg5 {[%emt 0:00:01]} 44. Ra6 {[%emt 0:00:06]} f5 {[%emt 0:00:05]} 45. Rd6 {[%emt 0:00:12]} Rh7 {[%emt 0:00:13]} 46. Bxb4 {[%emt 0:00:02]} f4 {[%emt 0:00:03]} 47. dxe5 {[%emt 0:00:16]} Rb7 {[%emt 0:00:15]} 48. Rd4 $18 {[%emt 0:00:12]} fxe3 {[%emt 0:00:08]} 49. Kxe3 {[%emt 0:00:03]} Kf5 {[%emt 0:00:01]} 50. f4 {[%emt 0:00:03]} g5 {[%emt 0:00:10]} 51. g4+ {[%emt 0:00:14]} Kg6 {[%emt 0:00:06]} 52. f5+ {[%emt 0:00:03]} Kh6 {[%emt 0:00:05]} 53. e6 {[%emt 0:00:09]} Kg7 {[%emt 0:00:20]} 54. Rd7+ {[%emt 0:00:03]} 1-0

[Event "Pia Cramling Ladies Open 2018"]
[Site "Stockholm"]
[Date "2018.09.01"]
[Round "2"]
[White "Bengtsson, Jessica"]
[Black "Berg, Maria"]
[Result "1-0"]
[WhiteElo "1986"]
[BlackElo "1722"]
[Annotator "NA"]
[PlyCount "108"]
[EventDate "2018.09.01"]
[EventType "swiss"]
[EventCountry "SWE"]
[SourceTitle "playchess.com"]
[Source "ChessBase"]
[SourceQuality "1"]
[TimeControl "1800+10"]

1. e4 {[%emt 0:00:00]} e5 {[%emt 0:00:00]} 2. Nf3 {[%emt 0:00:03]} Nc6 {[%emt 0:00:00]} 3. Bb5 {[%emt 0:00:11]} a6 {[%emt 0:00:15]} 4. Bxc6 {[%emt 0:00:14]} dxc6 {[%emt 0:00:35]} 5. Nc3 {[%emt 0:00:07]} Bg4 {[%emt 0:03:57]} 6. h3 {[%emt 0:00:09]} Bxf3 $1 {[%emt 0:00:50]} 7. Qxf3 {[%emt 0:00:06] LiveBook: 48 Games} Bc5 {[%emt 0:01:00] C68: Spanische Partie (Abtauschvariante)} (7... Qd7 8. d3 f6 9. Bd2 Bd6 10. Qg3 Qf7 11. f4 Ne7 12. O-O Ng6 13. f5 Ne7 14. Qf2 Rg8 15. Kh1 g6 {½-½ (56) Socko,B (2604)-Harikrishna,P (2762) Germany 2017}) 8. O-O {[%emt 0:00:16]} Qf6 {[%emt 0:02:26]} 9. Qg3 {[%emt 0:01:40]} Ne7 {[%emt 0:00:41]} 10. d3 {[%emt 0:01:25]} O-O-O $146 {[%emt 0:00:54]} ({Vorgänger:} 10... Ng6 11. Bg5 Qd6 12. Ne2 h6 13. Be3 O-O-O 14. Rad1 Bxe3 15. Qxe3 c5 16. a3 {½-½ (66) Acs,G (2240)-Toth,J (2187) Hungary 2007}) 11. Be3 {[%emt 0:02:02]} Bd4 {[%emt 0:02:13]} 12. Na4 {[%emt 0:05:47]} Qg6 {[%emt 0:04:42]} 13. Qh4 {[%emt 0:03:35]} f6 {[%emt 0:01:23]} 14. Nc5 {[%emt 0:01:31]} Bxc5 {[%emt 0:03:09]} 15. Bxc5 {[%emt 0:00:04]} Qf7 {[%emt 0:00:07]} 16. a4 {[%emt 0:03:20]} g5 {[%emt 0:00:45]} 17. Qg4+ {[%emt 0:00:35]} Kb8 {[%emt 0:00:03]} 18. b4 {[%emt 0:05:47]} h5 {[%emt 0:01:18]} 19. Qe2 {[%emt 0:00:10]} b6 {[%emt 0:00:02]} 20. Bxe7 {[%emt 0:00:51]} Qxe7 {[%emt 0:00:03]} 21. b5 {[%emt 0:01:01]} cxb5 {[%emt 0:00:22]} 22. axb5 {[%emt 0:00:02]} a5 {[%emt 0:00:01]} 23. c4 {[%emt 0:01:03]} Qc5 {[%emt 0:00:02]} 24. Rfd1 {[%emt 0:00:20]} Rdg8 {[%emt 0:03:27]} 25. Qe3 {[%emt 0:00:10]} Qxe3 {[%emt 0:01:00]} 26. fxe3 {[%emt 0:00:00]} g4 {[%emt 0:00:01]} 27. hxg4 {[%emt 0:00:22]} Rxg4 {[%emt 0:00:08]} 28. Kf2 {[%emt 0:00:18]} Rhg8 {[%emt 0:00:25]} 29. Rg1 {[%emt 0:00:03]} h4 {[%emt 0:00:08]} 30. Rad1 {[%emt 0:01:29]} Kc8 {[%emt 0:00:08]} 31. Kf3 {[%emt 0:00:45]} Rg3+ {[%emt 0:00:09]} 32. Kf2 {[%emt 0:00:02]} R8g4 {[%emt 0:00:09]} 33. Ra1 {[%emt 0:00:09]} Kd7 {[%emt 0:00:05]} 34. Rae1 {[%emt 0:00:22]} Ke6 {[%emt 0:00:08]} 35. Kf1 {[%emt 0:00:15]} h3 {[%emt 0:00:04]} 36. Re2 {[%emt 0:00:54]} f5 {[%emt 0:04:46]} 37. exf5+ {[%emt 0:00:19]} Kxf5 {[%emt 0:00:02]} 38. e4+ {[%emt 0:00:30]} Ke6 {[%emt 0:00:06]} 39. Rf2 {[%emt 0:00:14]} Rxd3 {[%emt 0:00:27]} 40. Ke2 {[%emt 0:00:13]} Rgg3 $2 {[%emt 0:00:22]} (40... Ra3 41. g3 Rxe4+ 42. Kd2 Rd4+ 43. Ke2 Rxc4) 41. Rff1 {[%emt 0:00:12]} (41. gxh3 $142 Rge3+ 42. Kf1 Rd1+ 43. Kg2 Rxg1+ 44. Kxg1) 41... Rge3+ {[%emt 0:00:03]} (41... Rb3 $142 42. Kf2 Rxg2+ 43. Rxg2 Rb2+ 44. Kg1 Rxg2+ 45. Kh1 Rc2) 42. Kf2 {[%emt 0:00:00]} Rxe4 {[%emt 0:00:17]} 43. gxh3 {[%emt 0:00:02]} Rxh3 {[%emt 0:00:02]} 44. Rg6+ {[%emt 0:00:02]} Ke7 {[%emt 0:00:03]} 45. Rg7+ {[%emt 0:00:03] [#]} Kd6 $1 {[%emt 0:00:09]} 46. Rg6+ {[%emt 0:00:33]} Kc5 {[%emt 0:00:01]} 47. Rc6+ {[%emt 0:00:01]} Kb4 {[%emt 0:00:16]} 48. Rb1+ {[%emt 0:00:02]} Kc3 {[%emt 0:00:11]} (48... Rb3 $142 49. Rc1 a4) 49. Rxc7 {[%emt 0:00:05]} Rf4+ {[%emt 0:00:22]} 50. Kg2 {[%emt 0:00:05]} Rh6 {[%emt 0:00:13]} 51. c5 {[%emt 0:00:28]} Rg6+ {[%emt 0:00:12]} 52. Kh3 {[%emt 0:00:01]} Rf3+ {[%emt 0:00:08]} 53. Kh4 {[%emt 0:00:22]} bxc5 {[%emt 0:00:17]} (53... Kc2 $19 54. Re1 Rf2) 54. b6 $2 {[%emt 0:00:20]} (54. Rxc5+ $17 {was the crucial defense.} Kd4 55. Rc8) 54... Rf4+ $11 (54... Rf8 $19 55. Rh7 (55. Kh5 $2 Rg2 $19) 55... a4) 1-0